000 00659cam a22002291 4500
001 sa 66000793
003 DLC
005 20260227112217.0
008 890227s1965 xx 000 0 hin
010 _asa 66000793
035 _a(OCoLC)23541917
040 _aDLC
_cMiU
_dDLC
041 0 _ahineng
050 0 0 _aPK1936
_b.R3
245 1 0 _aRājakamala Aṅgrezī-Hindī paryāyavācī koṡa.
260 _c[1965]
300 _a193 p.
_c22 cm.
500 _aEnglish and Hindi.
650 0 _aEnglish language
_xDictionaries
_xHindi.
650 0 _aEnglish language
_xSynonyms and antonyms
_xDictionaries
_xHindi.
700 1 _aKapoor, Badri Nath,
_d1932-
_eed.
999 _c67404
_d67404